Вып. 7 (25) : Естественные и технические науки. 1984-1985 гг.; Труды и материалы научных конгрессов и совещаний

Dettagli Bibliografici
Parent link:Труды и материалы научных конгрессов и совещаний: указатель/ Академия наук СССР (АН СССР), Библиотека (БАН). Вып. 7 (25) : Естественные и технические науки. 1984-1985 гг..— , 1963-
Altri autori: Николаева Л. Ф. (составитель), Медведев Н. В., Сахарусова М. В., Смольевский А. А., Иванова Т. Б., Сироткина М. А., Андреева В. К.
Lingua:russo
Pubblicazione: 1987
Soggetti:
Natura: Libro
KOHA link:https://koha.lib.tpu.ru/cgi-bin/koha/opac-detail.pl?biblionumber=269931

MARC

LEADER 00000nam2a2200000 4500
001 269931
005 20231101234312.0
035 |a (RuTPU)RU\TPU\book\293110 
035 |a RU\TPU\book\279125 
090 |a 269931 
100 |a 20140409d1987 k y0rusy50 ca 
101 0 |a rus 
102 |a RU 
105 |a y ac 001zy 
200 0 |a Вып. 7 (25) : Естественные и технические науки. 1984-1985 гг.  |f сост. Л. Ф. Николаева [и др.] 
210 |d 1987 
215 |a 221 с. 
320 |a Имен. указ.: с. 169-185 
320 |a Географический указатель: с. 187-196 
320 |a Предметный указатель: с. 197-218 
461 1 |0 (RuTPU)RU\TPU\book\301534  |t Труды и материалы научных конгрессов и совещаний  |o указатель  |f Академия наук СССР (АН СССР), Библиотека (БАН)  |v Вып. 7 (25) : Естественные и технические науки. 1984-1985 гг.  |d 1963-  
606 1 |a Научно-технический потенциал  |2 stltpush  |3 (RuTPU)RU\TPU\subj\45166  |9 64427 
606 1 |a Библиографические пособия  |x По естествознанию  |2 stltpush  |3 (RuTPU)RU\TPU\subj\28550  |9 52068 
606 1 |a Библиографические пособия  |x По технике  |2 stltpush  |3 (RuTPU)RU\TPU\subj\69627  |9 84384 
610 1 |a естественные науки 
610 1 |a технические науки 
610 1 |a указатели 
610 1 |a природа 
610 1 |a охрана 
610 1 |a физико-математические науки 
610 1 |a химия 
610 1 |a биология 
610 1 |a медицина 
675 |a 62(01)  |v 3 
686 |a Я19:5  |v LBC/SL-A  |2 rubbk 
686 |a Я19:62  |v LBC/SL-A  |2 rubbk 
702 1 |a Николаева  |b Л. Ф.  |4 220 
702 1 |a Медведев  |b Н. В.  |4 220 
702 1 |a Сахарусова  |b М. В.  |4 220 
702 1 |a Смольевский  |b А. А.  |4 220 
702 1 |a Иванова  |b Т. Б.  |4 220 
702 1 |a Сироткина  |b М. А.  |4 220 
702 1 |a Андреева  |b В. К.  |4 220 
801 1 |a RU  |b 63413507  |c 20140923 
801 2 |a RU  |b 63413507  |c 20170303  |g RCR 
942 |c BK